| Tag |
First Indicator |
Second Indicator |
Subfields |
| LEADER |
00000cam a2200000 4500 |
| 001 |
in00000042640 |
| 005 |
20151007074811.0 |
| 008 |
790927s1957 enkf b 00010 engm |
| 010 |
|
|
|a 57041598
|
| 035 |
|
|
|a (OCoLC)05430613
|
| 035 |
|
|
|9 AAF2119AM
|
| 040 |
|
|
|a DLC
|c NRC
|d NRC
|d TXA
|d UtOrBLW
|
| 043 |
|
|
|a e-uk---
|
| 049 |
|
|
|a TXAM
|c [297334]
|
| 050 |
0 |
0 |
|a QL696.A5
|b S37
|
| 092 |
|
|
|a 598.2
|b S428wi
|
| 100 |
1 |
|
|a Scott, Peter,
|d 1909-1989.
|
| 245 |
1 |
0 |
|a Wildfowl of the British Isles /
|c by Peter Scott and Hugh Boyd.
|
| 264 |
|
1 |
|a London :
|b Country Life, ltd.,
|c [1957]
|
| 300 |
|
|
|a 64 pages :
|b 16 color plates. ;
|c 25 cm.
|
| 336 |
|
|
|a text
|b txt
|2 rdacontent
|
| 337 |
|
|
|a unmediated
|b n
|2 rdamedia
|
| 338 |
|
|
|a volume
|b nc
|2 rdacarrier
|
| 504 |
|
|
|a Bibliography: pages 61-64.
|
| 650 |
|
0 |
|a Birds
|z Great Britain.
|
| 650 |
|
0 |
|a Water birds.
|
| 700 |
1 |
|
|a Boyd, Hugh,
|d 1925-
|
| 999 |
|
|
|a MARS
|
| 999 |
f |
f |
|s bdf07805-9115-391c-9acb-306c4652a983
|i 8b10ac5f-9963-3bd5-a046-480e2553330d
|t 0
|
| 952 |
f |
f |
|p ric
|a Texas A&M University
|b Rellis Campus
|c Joint Library Facility
|d Remote Storage
|t 0
|e QL696.A5 S37
|h Library of Congress classification
|i unmediated -- volume
|m A14801022298
|
| 998 |
f |
f |
|a QL696.A5 S37
|t 0
|l Remote Storage
|